Salud y seguridad en el trabajo (Registro nro. 4345)

Detalles MARC
000 -Cabecera
Campo de control de longitud fija 00896aam a2200325 4500
005 - Fecha y hora de la última transacción
Campo de control 20250929103059.0
008 - Elementos de longitud fija--Información general
Campo de control de longitud fija 150408b2002 xxu||||| |||| 00| 0 spa d
020 ## - International Standard Book Number
Número Internacional Estándar del Libro (ISBN) 9968313576
041 ## - Idioma
Código de idioma Español
082 ## - Clasificación Decimal Dewey
Número de clasificación 613.62 Ch539sa
100 ## - Entrada principal--Autor personal
Nombre personal Chinchilla Sibaja, Ryan
9 (RLIN) 6908
245 ## - Título propiamente dicho
Título Salud y seguridad en el trabajo
260 ## - Pie de imprenta
Lugar de publicación, distribución, etc. Costa Rica
260 ## - Pie de imprenta
Nombre del editor, distribuidor, etc. EUNED
260 ## - Pie de imprenta
Fecha de publicación, distribución, etc. 2002
300 ## - Descripción física
Extensión 368 páginas
490 ## - Serie
Título de la Serie Dirección de Educación Comunitaria y Asistencia Técnica
490 ## - Serie
Título de la Serie Temática General
650 ## - Materia general
Temática (materia general) SALUD OCUPACIONAL
650 ## - Materia general
Temática (materia general) SEGURIDAD INDUSTRIAL
650 ## - Materia general
Temática (materia general) SEGURIDAD OCUPACIONAL
650 ## - Materia general
Temática (materia general) SEGURIDAD E HIGIENE DEL TRABAJO
650 ## - Materia general
Temática (materia general) RIESGOS DEL TRABAJO
650 ## - Materia general
Temática (materia general) ENFERMEDADES LABORALES
650 ## - Materia general
Temática (materia general) RIESGO FÍSICO
650 ## - Materia general
Temática (materia general) RIESGO QUÍMICO
650 ## - Materia general
Temática (materia general) RIESGO TECNOLÓGICO
650 ## - Materia general
Temática (materia general) ERGONOMIA
942 ## - Punto de acceso adicional KOHA
Tipo de ítem KOHA Libro
Fuente del sistema de clasificación o colocación Dewey Decimal Classification
Existencias
Signatura completa Código de barras Programa Académico Tipo de ítem
613.62 Ch539sa 20899   Libro
613.62 Ch539sa 8745   Libro
613.62 Ch539sa 9314   Libro